000 00324nam a22001337a 4500
008 210311b ||||| |||| 00| 0 eng d
041 _aeng
080 _a316
082 _a316
100 _a50
101 _aSOC
245 _aSubstance Use & Misuse an International Interdisciplinary Forum
_cEinstein, S
942 _2udc
_cBK
999 _c56353
_d56353